[Event "Catalunya-ch U14"]
[Site "Sabadell"]
[Date "2010.01.16"]
[Round "1"]
[White "Sanchez Canales, Pol"]
[Black "Siles Blanco, Jose"]
[Result "1-0"]
[WhiteElo "1876"]
[BlackElo "1700"]
[PlyCount "105"]
[EventDate "2010.01.16"]
[EventType "swiss"]
[EventRounds "6"]
[EventCountry "ESP"]
[SourceTitle "EXT 2024"]
[Source "ChessBase"]
[SourceDate "2023.10.10"]
[SourceVersion "1"]
[SourceVersionDate "2023.10.10"]
[SourceQuality "1"]

1. e4 e5 2. Nf3 Nc6 3. Bb5 a6 4. Ba4 b5 5. Bb3 Bc5 6. c3 Nf6 7. d4 Bb6 8. Nxe5 Nxe5 9. dxe5 Nxe4 10. Qd5 Ng5 11. Bxg5 0-0 12. Bxd8 c6 13. Qf3 Bxd8 14. 0-0 Bc7 15. Re1 Bb7 16. Na3 Rae8 17. Rad1 Rb8 18. Rxd7 Kh8 19. Rxc7 a5 20. Rxf7 Rxf7 21. Qxf7 a4 22. Bc2 c5 23. e6 Bd5 24. Qc7 Rg8 25. e7 Bf7 26. Qd8 Be8 27. Nxb5 g6 28. Qxe8 Rxe8 29. Nd6 Ra8 30. e8Q+ Rxe8 31. Rxe8+ Kg7 32. Re7+ Kf6 33. Rxh7 Ke5 34. Bxg6 Kxd6 35. f4 Ke6 36. f5+ Kf6 37. Rf7+ Ke5 38. f6 Ke6 39. h4 c4 40. Ra7 Kxf6 41. Rxa4 Kxg6 42. Ra5 Kh6 43. Kf2 Kg6 44. h5+ Kh6 45. Kg3 Kg7 46. Ra6 Kf7 47. Kf4 Kg7 48. Kg5 Kf7 49. h6 Ke7 50. h7 Kd7 51. h8Q Ke7 52. Qg7+ Ke8 53. Ra8# 1-0